|
|
|
|
| LEADER |
00000nas a2200000 a 4500 |
| 001 |
ssj0000393893 |
| 003 |
WaSeSS |
| 005 |
20200512172242.0 |
| 006 |
m d |
| 007 |
cr n |
| 008 |
100418c19939999dcufr p s 0 a0eng c |
| 010 |
|
|
|a 2012236358
|
| 022 |
|
|
|a 2328-9627
|l 1083-4753
|y 1083-4753
|
| 035 |
|
|
|a (WaSeSS)ssj0000393893
|
| 040 |
|
|
|a OCLCE
|b eng
|c OCLCE
|d EYM
|d HUL
|d OCLCQ
|d DLC
|d OCLCF
|d DLC
|d OCLCQ
|d VT2
|d UAB
|d FIE
|d ESEHU
|d AUD
|d YOU
|d WaSeSS
|
| 041 |
0 |
|
|a eng
|a ara
|
| 042 |
|
|
|a dlr
|a pcc
|a nsdp
|
| 043 |
|
|
|a ma-----
|
| 050 |
|
4 |
|a DS36
|b .A7145
|
| 082 |
0 |
0 |
|a 956
|2 23
|
| 222 |
|
0 |
|a Arab studies journal
|b (Online)
|
| 245 |
0 |
0 |
|a Arab studies journal
|h [electronic resource].
|
| 246 |
1 |
5 |
|6 880-01
|a Majallat al-dirāsāt al-ʻArabīyah
|f <fall 1993->
|
| 260 |
|
|
|a Washington, DC :
|b Graduate students at the Center for Contemporary Arab Studies, Georgetown University,
|c 1993-
|
| 310 |
|
|
|a Two no. a year
|
| 362 |
1 |
|
|a Began with v. 1, no. 1 (spring 1993).
|
| 506 |
|
|
|a License restrictions may limit access.
|
| 515 |
|
|
|a Some issues combined.
|
| 538 |
|
|
|a Master and use copy. Digital master created according to Benchmark for Faithful Digital Reproductions of Monographs and Serials, Version 1. Digital Library Federation, December 2002.
|u http://purl.oclc.org/DLF/benchrepro0212
|5 MiAaHDL
|
| 546 |
|
|
|a Some issues have added title page title and some text in Arabic.
|
| 583 |
1 |
|
|a digitized
|c 2010
|h HathiTrust Digital Library
|l committed to preserve
|2 pda
|5 MiAaHDL
|
| 588 |
|
|
|a Description based on print version record.
|
| 588 |
|
|
|a Latest issue consulted: Vol. 17, no. 1 (spring 2009) (JSTOR website, viewed May 10, 2013).
|
| 650 |
|
7 |
|a Research.
|2 fast
|0 (OCoLC)fst01095153
|
| 651 |
|
0 |
|a Arab countries
|x Research
|v Periodicals.
|
| 651 |
|
7 |
|a Arab countries.
|2 fast
|0 (OCoLC)fst01240128
|
| 655 |
|
0 |
|a Electronic journals.
|
| 710 |
2 |
|
|a Georgetown University.
|b Center for Contemporary Arab Studies.
|
| 776 |
0 |
8 |
|i Print version:
|t Arab studies journal
|x 1083-4753
|w (DLC) 95648368
|w (OCoLC)32588110
|
| 856 |
4 |
0 |
|z Full text available from Research Library: 04/01/2007 to present
|u https://search.proquest.com/publication/136191
|
| 880 |
1 |
5 |
|6 246-01/(3/r
|a ‏مجلة الدراسات العربية
|